000 00278nam a2200109 a 4500
005 20140414132003.0
008 110212s19uu xx 00 eng d
050 _aTR 793.73
_bP99 2003
245 _aLearn and play 7.
440 _aEducational Activity Exercises
999 _c113123
_d113123